1703 1706 1732 1128 1594 1477 1655 1773 1368 1326 1954 1618 1715 1615 1393 1292 1254 1629 1081 1980 1813 1873 1743 1224 1442 1466 1612 1692 1201 1236 1321 1690 1527 1561 1075 1283 1998 1357 1803 1851 1131 1642 1401 1070 1640 1197 1837 1536 1206 1972 1639 1170 1412 1376 1108 1460 1545 1984 1434 1549 1362 1034 1634 1561 1669 1122 1789 1943 1820 1415 1547 1168 1976 1037 1207 1484 1333 1767 1089 1808 1861 1065 1223 1850 1327 1972 1139 1966 1292 1526 1589 1068 1529 1890 1162 1377 1628 1672 1450 BCNSPRNW ULIB Ver.6.0+V

เปลี่ยนเป็นภาษาไทย

Change to English
 แสดงรายละเอียดบรรณานุกรม
  กลับหน้าหลัก

Brief Record : Get Marc (ISO 2709) : E-mail record : QR code < ปิดหน้าต่าง
LEADER : 00000nam 2200000uu 4500
001    13399111321
003     ULIB
008    110622s||||||||th 000 0 tha d
020    9748650545
050 04 BF721^bอ833ท 2544
100 0  อุมาพร ตรังคสมบัติ
245 10 สร้างสมาธิให้ลูกคุณ /^cอุมาพร ตรังคสมบัติ
250    พิมพ์ครั้งที่ 2
260    กรุงเทพฯ :^bบริษัท ศูนย์วิจัยและพัฒนาครอบครัว,^c2544
300    120 หน้า ;^c22 ซม
650  7 สมาธิ
650  7 การเรียนรู้ (จิตวิทยา)
650  7 จิตวิทยาเด็ก
650  7 โรคสมาธิสั้น
945    ^p125^l0^i013854
945    ^p125^l0^i013852
945    ^p125^l0^i013853
995    ทศพร
999 ^a ใช้งานได้ทุกระบบ
รายการนี้ยังไม่มีแท็ก
คุณยังไม่ได้ล็อกอิน คุณสามารถมีกิจกรรมร่วมกับเว็บไซต์ได้ แต่ต้องล็อกอินก่อน ::
  ล็อกอิน

รายการสื่อสารสนเทศ

ลำดับที่ ประเภท เลขเรียก/บาร์โค้ด สถานที่ สถานะ
- ไม่พบข้อมูล -

รายการใกล้เคียง
    ผู้แต่ง [อุมาพร ตรังคสมบัติ]

    หัวเรื่อง [สมาธิ]
    หัวเรื่อง [การเรียนรู้ (จิตวิทยา)]
    หัวเรื่อง [จิตวิทยาเด็ก]
    หัวเรื่อง [โรคสมาธิสั้น]

BibComment


ยังไม่เคยถูกคอมเมนท์

คอมเมนท์ทรัพยากรรายการนี้
  คอมเมนท์: สร้างสมาธิให้ลูกค..


 Copyright 2026. Bcnsprnw @Library